Dĕkowání Syna na wojnu jdoucýho swým milým rodičům w píseň uwedené

Bibliographic Details
Corporate Author: Škarnicel, Jozef - dedičia (Skalica, Slovensko) (Printer)
Format: Book
Language:Slovak
PhysicalDescription:[8] s. 11 cm
Published: W Skalici u dědičů J. Škarnicla [1880-1898]
Subjects:

MARC

LEADER 00000nam a2200000 a 4500
001 vtls011758802
003 SK-MaSNL
005 20260301045206.0
008 200612s18uu xo a 0 an0 slo
015 |a SNBHFA18uu 
035 |a urn:nbn:sk:snk-am00d65y 
035 |a urn:nbn:sk:snk-am3hqzx 
035 |a 914526A2-A693-47C4-A94B-D31D6056B7A8 
040 |a SNKHF  |b slo  |c SNK  |e AACR2 
041 0 |a slo 
044 |a xo  |c SK 
072 7 |a 09  |x Rukopisy, prvotlače, staré tlače. Vzácne a pozoruhodné diela  |2 konspekt 
080 |a 098:398.51  |2 1981 
130 0 |a Dĕkowání  |9 352867 
245 1 0 |a Dĕkowání Syna na wojnu jdoucýho swým milým rodičům w píseň uwedené 
260 |a W Skalici  |b u dědičů J. Škarnicla  |c [1880-1898] 
300 |a [8] s.  |c 11 cm 
500 |a Titulná strana s drevorezom 
501 |a Prív. 9. k: Pjseň Kratochwilná o udatném Stawu Woganském, pro obweselenj wydaná. W Skalicy : u Škarnycla Synů, 1874.  |5 SNK SE 154/1-15/prív.9 
546 |a Slovenčina  |b Fraktúra 
650 0 7 |a jarmočné tlače  |2 SNKPH  |9 256383 
710 2 |a Škarnicel, Jozef - dedičia (Skalica, Slovensko)  |4 prt  |9 189503 
752 |a Slovensko  |d Skalica 
852 |a SNK  |p SE 154/1-15/prív.9 
958 |a ONDV 
999 |c 597749  |d 599679 
952 |a SNK  |b SNK  |y PREZ  |7 0  |p 17A1300902  |o snkSE 154/1-15/prív.9  |i snk4957/28  |0 0  |1 0  |4 0  |d 2018-05-29  |f 1  |l 0  |r 2026-02-23 15:44:46  |w 2026-02-23